000 00757cam a22002533a 4500
001 23295
003 PGUSA
005 20140828083509.0
008 071103s2007||||xxu|||||s|||||000 | eng d
040 _aPGUSA
_beng
042 _adc
050 4 _aG
050 4 _aCT
100 1 _aFarningham, Marianne,
_d1834-1909
245 1 0 _aGrace Darling :
_bHeroine of the Farne Islands
_h[electronic resource] /
_cMarianne Farningham
260 _bProject Gutenberg,
_c2007
506 _aPublic domain in the USA.
516 _aElectronic text
653 _aDarling, Grace, 1815-1842
653 _aWomen heroes -- England -- Northumberland -- Biography
830 0 _aProject Gutenberg
_v23295
856 4 0 _uhttp://www.gutenberg.org/ebooks/23295
942 _cEB
999 _c252550
_d252550